Chutes and Ladders V Quiz Stats

Quiz Updated Aug 10, 2012

Also try: Chutes and Ladders
Challenge
Share
Tweet
Embed
Score 0/115 Timer 05:00
5 Plays Today
% Correct
█████████████████
100%
█████████████████
100%
←Layers of paint←
100%
→Seashore→
100%
↑Poster holders↑
100%
◊ TACOS ◊
100%
█████████████████
88.2%
█████████████████
88.2%
█████████████████
88.2%
█████████████████
87.4%
█████████████████
87.4%
█████████████████
85.4%
COATS
84.6%
↑Indianapolis team↑
84.6%
█████████████████
82.2%
→Pile of papers→
82.1%
TACKS
82.1%
↑Wolf groups↑
82.1%
█████████████████
82.1%
█████████████████
82%
PACKS
81.7%
↑Picnic places↑
81.7%
█████████████████
81.4%
█████████████████
81.4%
COAST
80.9%
█████████████████
80.6%
█████████████████
80.5%
←Fire starter←
80.4%
PARKS
80.4%
↑Winter jacket↑
80.4%
█████████████████
80%
█████████████████
79.9%
COLTS
79.8%
↑Leaves in a hurry↑
79.8%
█████████████████
79.8%
█████████████████
79.1%
STACK
78.6%
↑Loud kiss↑
78.6%
BOLTS
77.8%
% Correct
SMACK
77.8%
↑Artist's garment↑
77.8%
PARKA
77.7%
SPARK
76.9%
↑Replacement item↑
76.9%
█████████████████
76.7%
SMOCK
74.6%
↑Electrocute↑
74.6%
SHOCK
73.7%
SPARE
73.6%
↑Unsettling look↑
73.6%
█████████████████
72.7%
→Grades→
72.4%
STARE
72.4%
↑Part of a mall↑
72.4%
█████████████████
71.2%
█████████████████
71.1%
STORE
70.9%
↑Coal burner↑
70.9%
█████████████████
68.4%
█████████████████
68.3%
█████████████████
68.1%
█████████████████
68.1%
→Yeas or nays→
68%
STOVE
68%
↑Rudely push↑
68%
█████████████████
67.9%
█████████████████
67.8%
SHOVE
67.2%
█████████████████
66.5%
█████████████████
66.4%
█████████████████
66.3%
█████████████████
66.4%
↑Field mice↑
66.2%
VOTES
66.2%
↓Student's jottings↓
66.2%
→Rips→
62.2%
RATES
62.2%
TEARS
61.8%
% Correct
→Color variations→
61.8%
NOTES
61.8%
TONES
58.9%
↑McCoy on Star Trek↑
58.9%
█████████████████
57.2%
█████████████████
57.2%
↑Skiing stabilizers↑
56.9%
VOLES
56.9%
→Figure it out→
56.9%
█████████████████
55.7%
█████████████████
53.9%
█████████████████
53.7%
█████████████████
53.6%
←Gently gallops←
53.6%
POLES
53.6%
→It may be slippery→
53.6%
SOLVE
52.9%
█████████████████
52.5%
█████████████████
52.5%
SLOPE
51.5%
↑Run off to wed↑
51.5%
█████████████████
51%
ELOPE
50.9%
LOPES
49.8%
↑Boxer's boundaries↑
49.8%
█████████████████
49.1%
█████████████████
49.1%
█████████████████
49.1%
WARNING: SOLVING
49%
THIS FINAL CLUE WILL
49%
GAME AUTOMATICALLY!
49%
SHOW ALL ANSWERS
49%
AND WILL END THE
49%
ROPES
49%
→A difficult riddle→
49%
BONES
44.5%
◊ POSER ◊
28.8%

You're not logged in!

Compare scores with friends on all Sporcle quizzes.
Sign Up with Email
OR
Log In

You Might Also Like...

Show Comments

Extras

Top Quizzes Today


Score Distribution

Your Account Isn't Verified!

In order to create a playlist on Sporcle, you need to verify the email address you used during registration. Go to your Sporcle Settings to finish the process.